Normal view
MARC view
- SWEDEN
Entry Topical Term
001 - CONTROL NUMBER
- control field: 5419
003 - CONTROL NUMBER IDENTIFIER
- control field: CBULib
005 - DATE AND TIME OF LATEST TRANSACTION
- control field: 20260417074852.0
008 - FIXED-LENGTH DATA ELEMENTS
- fixed length control field: 260417|| aca||babn | a|a d
040 ## - CATALOGING SOURCE
- Original cataloging agency: CBULib
150 ## - HEADING--TOPICAL TERM
- Topical term or geographic name entry element: SWEDEN
- Geographic subdivision: LAPLAND